00307nam a2200133Ia 45000030006000000080041000060400015000471000016000622450039000782500011001172600016001285460012001440050017001560STCL150530s9999 xx 000 0 und d aSTCLcSTCL aZiman, J.M. aPrinciples of the theory of solids aSecond bVikasc1979 aEnglish20220125170115.0